000 00899nam a22003257a 4500
001 BR7200324
003 BR-BrBNA
005 20230928083750.0
007 ta
008 230509b bl.||||| |||| 00| 0 por d
040 _aBR-BrBNA
_bpor
_cBiblioteca Nacional de Agricultura
041 _a(Por)
072 _aD50; E10
_b0180
090 _ 0180 BR7200324
110 1 _aOrganizacao das Cooperativas do Estado do Parana, Curitiba (Brasil)
245 1 _aRegulamento do fundo cooperativo contra o granizo do trigo [Triticum spp.]
260 3 _aCuritiba, PR (Brasil):
_c[nd].
300 _a4 p.
500 _aPublished after 1971
650 _aLegislacao
650 _aMacroeconomia
650 _aTrigo
650 _aLavoura
650 _aGranizo
650 _aCooperativa
650 _aFinanciamento
650 _aIndenizacao
909 _a202309
_bLucia
_c55
_dLucia Elande
942 _cBK
999 _c15137
_d15137